[Event "Lesa Lago Maggiore op"]
[Site "Lesa"]
[Date "2023.05.05"]
[Round "1"]
[White "Ivulans, Patriks"]
[Black "Di Bartolomeo, Adrian Mikail"]
[Result "0-1"]
[WhiteElo "1283"]
[BlackElo "1765"]
[PlyCount "86"]
[EventDate "2023.05.05"]
[EventType "swiss"]
[EventRounds "5"]
[EventCountry "ITA"]
[SourceTitle "EXT 2024"]
[Source "ChessBase"]
[SourceDate "2023.10.10"]
[SourceVersion "1"]
[SourceVersionDate "2023.10.10"]
[SourceQuality "1"]

1. e4 e5 2. Nf3 Nc6 3. Bc4 Bc5 4. c3 Nf6 5. d3 d6 6. b4 Bb6 7. a4 a6 8. 0-0 h6 9. h3 0-0 10. Re1 Be6 11. Nbd2 Qd7 12. Bb3 Kh8 13. Nc4 Ba7 14. Be3 Bxe3 15. Nxe3 Ne7 16. Qc2 Ng6 17. a5 Rae8 18. Nd5 Nxd5 19. exd5 Bf5 20. Ba4 c6 21. Nh2 Nf4 22. dxc6 bxc6 23. Re3 Re6 24. Bb3 Rg6 25. g4 h5 26. Rg3 hxg4 27. hxg4 Bxg4 28. Nxg4 Rxg4 29. Qd1 Rh4 30. Qf3 g6 31. Ba4 d5 32. c4 Qe6 33. cxd5 cxd5 34. b5 axb5 35. Bxb5 Kg7 36. a6 Rfh8 37. a7 e4 38. dxe4 dxe4 39. Qc3+ Qf6 40. Rxg6+ Kxg6 41. Qxf6+ Kxf6 42. Ra6+ Kg7 43. f3 e3 0-1

[Event "Crema op 22nd"]
[Site "Crema"]
[Date "2022.09.11"]
[Round "5"]
[White "Rossi, Davide1111"]
[Black "Di Bartolomeo, Adrian Mikail"]
[Result "1-0"]
[WhiteElo "1857"]
[BlackElo "1671"]
[PlyCount "75"]
[EventDate "2022.09.09"]
[EventType "swiss"]
[EventRounds "6"]
[EventCountry "ITA"]
[SourceTitle "CBM 210 Extra"]
[Source "ChessBase"]
[SourceDate "2022.11.30"]
[SourceVersion "1"]
[SourceVersionDate "2022.11.30"]
[SourceQuality "1"]

1. e4 e5 2. Nf3 Nc6 3. Bb5 Bc5 4. 0-0 Nf6 5. Bxc6 dxc6 6. Nxe5 Qe7 7. d4 0-0 8. Bg5 Rd8 9. c3 h6 10. Bxf6 Qxf6 11. Nd2 Bb6 12. Nec4 Be6 13. Nxb6 axb6 14. a3 Qf4 15. g3 Qg5 16. f4 Qb5 17. f5 Bc8 18. Rb1 c5 19. d5 c6 20. Qh5 Qd3 21. Rf2 Qe3 22. c4 b5 23. Qe2 Qg5 24. Nf3 Qe7 25. Re1 bxc4 26. dxc6 bxc6 27. Qxc4 Ba6 28. Qc3 Rd3 29. Qe5 Qa7 30. f6 c4 31. Kg2 g6 32. Qf4 Kh7 33. Ne5 Rb3 34. Ng4 g5 35. Qf5+ Kh8 36. Nxh6 Qb8 37. Qxg5 Qf8 38. Qh5 1-0